[Event "Pardubice Open A"]
[Site "?"]
[Date "2015.07.28"]
[Round "5.36"]
[White "TATE, Alan"]
[Black "CERNOUSEK, Lukas"]
[Result "1/2-1/2"]
[WhiteElo "2335"]
[BlackElo "2455"]
[PlyCount "195"]
[EventDate "2015.??.??"]
[WhiteClock "0:01:56"]
[BlackClock "0:03:45"]

1. e4 c6 2. d4 d5 3. e5 Bf5 4. h4 h5 5. Bd3 Bxd3 6. Qxd3 e6 7. Bg5 Qb6 8. Nd2
c5 9. c4 Qxb2 10. Rb1 Qxd4 11. Qxd4 cxd4 12. cxd5 f6 13. Bf4 b6 14. Ngf3 exd5
15. exf6 Nxf6 16. Nxd4 Nbd7 17. Nb5 Kf7 18. Nc7 Rd8 19. Nf3 Nc5 20. Ne5+ Kg8
21. O-O Bd6 22. Nb5 Bxe5 23. Bxe5 Rd7 24. Bb8 a6 25. Nd4 Rb7 26. Bd6 Na4 27.
Rfc1 Kf7 28. Rc6 Ra8 29. f3 b5 30. Be5 Re7 31. Bf4 Ne8 32. Kh2 Rb7 33. g4 hxg4
34. fxg4 Nb6 35. g5 Nc4 36. h5 Rb6 37. Rxb6 Nxb6 38. Rg1 Rc8 39. h6 Kg8 40. Kg3
Nd7 41. Nf5 Rc3+ 42. Kg4 gxh6 43. Nxh6+ Kf8 44. Rf1 Ke7 45. Re1+ Kf8 46. Nf5
Ndf6+ 47. gxf6 Nxf6+ 48. Kg5 Ne4+ 49. Kg4 Nf6+ 50. Kg5 Ne4+ 51. Kh4 b4 52. Ne3
Rd3 53. Nxd5 Rxd5 54. Rxe4 a5 55. Kg4 Kf7 56. Rc4 Rb5 57. Bd2 b3 58. axb3 Rxb3
59. Bxa5 Ke6 60. Rc5 Rd3 61. Bc3 Kd6 62. Rc8 Kd7 63. Rc4 Kd6 64. Kf4 Rh3 65.
Be5+ Kd5 66. Rd4+ Kc5 67. Rd1 Rh4+ 68. Kf5 Rh5+ 69. Ke4 Rh4+ 70. Bf4 Kc6 71.
Rc1+ Kb5 72. Ke5 Rh5+ 73. Kd6 Kb4 74. Be5 Kb3 75. Kd5 Rg5 76. Rb1+ Kc2 77. Rb2+
Kd3 78. Rb3+ Kc2 79. Rh3 Rg4 80. Bd4 Rg8 81. Kc4 Rc8+ 82. Bc5 Kd2 83. Rh2+ Kc1
84. Kd4 Kb1 85. Ba3 Rc2 86. Rh3 Rc7 87. Rh1+ Ka2 88. Bb4 Kb3 89. Bd6 Rd7 90.
Rb1+ Kc2 91. Rb6 Rd8 92. Kc4 Kd2 93. Bc5 Kc2 94. Ra6 Rc8 95. Ra2+ Kb1 96. Rh2
Kc1 97. Kb4 Kd1 98. Kc4 1/2-1/2

[Event "Pardubice Open A"]
[Site "?"]
[Date "2015.07.28"]
[Round "5.37"]
[White "SIMACEK, Pavel"]
[Black "SMOLKOV, Igor"]
[Result "1/2-1/2"]
[WhiteElo "2454"]
[BlackElo "2328"]
[PlyCount "111"]
[EventDate "2015.??.??"]
[WhiteClock "0:18:08"]
[BlackClock "0:17:42"]

1. e4 c6 2. d4 d5 3. Nc3 dxe4 4. Nxe4 Nd7 5. Bc4 Ngf6 6. Ng5 e6 7. Qe2 Nb6 8.
Bb3 h6 9. N5f3 c5 10. dxc5 Nbd7 11. Ne5 Nxe5 12. Qxe5 Qa5+ 13. Bd2 Qxc5 14. Nf3
Bd7 15. Be3 Qxe5 16. Nxe5 Bd6 17. Nxd7 Nxd7 18. Ba4 Ke7 19. O-O-O Rhd8 20. Rhe1
a6 21. c3 Rac8 22. h3 Bc5 23. Bc2 Bxe3+ 24. Rxe3 Nf6 25. Rxd8 Rxd8 26. c4 g5
27. Bd3 a5 28. Kc2 Rc8 29. Kd2 b6 30. a3 Nd7 31. b3 Kd6 32. Be2 f5 33. Rd3+ Ke7
34. Rc3 e5 35. Rc1 Nc5 36. Kc2 Ne6 37. Kc3 Nd4 38. Re1 Kd6 39. Bd3 b5 40. f3 a4
41. bxa4 bxc4 42. Bxc4 Ra8 43. Bb5 Nxb5+ 44. axb5 Rxa3+ 45. Kb4 Ra2 46. Rd1+
Kc7 47. Rc1+ Kb7 48. Re1 Rb2+ 49. Kc4 Rc2+ 50. Kb4 Rb2+ 51. Kc5 Rc2+ 52. Kd5
Rxg2 53. Kxe5 f4 54. h4 Rg3 55. hxg5 hxg5 56. Kf5 1/2-1/2

[Event "Pardubice Open A"]
[Site "?"]
[Date "2015.07.28"]
[Round "5.38"]
[White "SREEVES, Clement"]
[Black "VOKAC, Marek"]
[Result "0-1"]
[WhiteElo "2333"]
[BlackElo "2453"]
[PlyCount "80"]
[EventDate "2015.??.??"]
[WhiteClock "0:00:31"]
[BlackClock "0:00:58"]

1. e4 g6 2. d4 Bg7 3. Nf3 c6 4. Nc3 d5 5. h3 Nh6 6. e5 O-O 7. Bf4 f6 8. Qd2 Nf7
9. O-O-O b5 10. Re1 Na6 11. h4 Nc7 12. h5 g5 13. h6 Bxh6 14. exf6 exf6 15. Bxc7
Qxc7 16. Bd3 Bg4 17. Nd1 Rae8 18. Ne3 Bd7 19. Rh5 g4 20. Nh4 g3 21. Bxh7+ Kxh7
22. Qd3+ Re4 23. f3 Qf4 24. fxe4 dxe4 25. Rf1 Qxh4 26. Qd1 Qh2 27. Kb1 Kg7 28.
Rxh2 gxh2 29. Ng4 Bg5 30. Nxh2 Nd6 31. b3 Rh8 32. Ng4 e3 33. Qf3 Nf5 34. Nxf6
Bxf6 35. g4 e2 36. Qxe2 Ng3 37. Qf3 Nxf1 38. Qxf1 c5 39. d5 Bc3 40. a4 Re8 0-1

[Event "Pardubice Open A"]
[Site "?"]
[Date "2015.07.28"]
[Round "5.39"]
[White "MISHUCHKOV, Nikolai M"]
[Black "MALAKHOV, Igor"]
[Result "1/2-1/2"]
[WhiteElo "2320"]
[BlackElo "2440"]
[PlyCount "134"]
[EventDate "2015.??.??"]
[WhiteClock "0:05:59"]
[BlackClock "0:32:33"]

1. d4 Nf6 2. Nf3 g6 3. Bg5 Bg7 4. Nbd2 d5 5. e3 O-O 6. Bd3 c5 7. c3 Qb6 8. Qb3
Nc6 9. O-O c4 10. Qxb6 axb6 11. Bc2 Bf5 12. Bxf5 gxf5 13. Ne5 Rfd8 14. Nxc6
bxc6 15. Nf3 Re8 16. Bxf6 Bxf6 17. a3 Ra5 18. Rac1 e6 19. h3 Kf8 20. g4 Ke7 21.
Nh2 h5 22. gxh5 e5 23. dxe5 Bxe5 24. Nf3 Bf6 25. Nd4 Bxd4 26. exd4 Kf6 27. Rce1
Raa8 28. Kg2 Re4 29. f3 Rh4 30. Kh2 Rh8 31. f4 R8xh5 32. Rf3 Rh8 33. Re2 Rg8
34. Rg3 Rgg4 35. Rxg4 fxg4 36. Kg3 Rxh3+ 37. Kxg4 Rh8 38. Kg3 Rh1 39. Re8 Rb1
40. Re2 Kf5 41. Re5+ Kg6 42. Re2 f6 43. Kg4 Rg1+ 44. Kf3 Kf5 45. Rh2 Rf1+ 46.
Ke3 Ke6 47. Rh5 c5 48. dxc5 bxc5 49. Rh8 Rb1 50. Rb8 d4+ 51. cxd4 c3 52. d5+
Kd6 53. Kd3 cxb2 54. Kc2 Rf1 55. Kxb2 Kxd5 56. a4 Rxf4 57. a5 Ra4 58. Rf8 Ke5
59. Re8+ Kd6 60. Rf8 Ke6 61. Re8+ Kf7 62. Ra8 f5 63. Kb3 Rb4+ 64. Kc3 f4 65. a6
f3 66. a7 Ra4 67. Kd2 Ra2+ 1/2-1/2

[Event "Pardubice Open A"]
[Site "?"]
[Date "2015.07.28"]
[Round "5.40"]
[White "SYLVAN, Jacob"]
[Black "STELLA, Andrea"]
[Result "1/2-1/2"]
[WhiteElo "2320"]
[BlackElo "2427"]
[PlyCount "47"]
[EventDate "2015.??.??"]
[WhiteClock "0:25:53"]
[BlackClock "0:16:25"]

1. e4 c5 2. Nf3 e6 3. d4 cxd4 4. Nxd4 Nc6 5. Nc3 d6 6. Be3 Nf6 7. Be2 Be7 8.
O-O O-O 9. f4 e5 10. Nf5 Bxf5 11. exf5 exf4 12. Rxf4 d5 13. Kh1 Re8 14. Bg1 Bd6
15. Rf1 Ne4 16. Bf3 Qf6 17. Bxe4 dxe4 18. Qg4 e3 19. Rae1 Qd4 20. Qh3 Bc5 21.
f6 g6 22. Qh6 Bf8 23. Qh3 Bc5 24. Qh6 1/2-1/2

[Event "Pardubice Open A"]
[Site "?"]
[Date "2015.07.28"]
[Round "5.41"]
[White "GAGARE, Shardul"]
[Black "MAMMADZADA, Gunay"]
[Result "1-0"]
[WhiteElo "2425"]
[BlackElo "2320"]
[PlyCount "43"]
[EventDate "2015.??.??"]
[WhiteClock "1:17:52"]
[BlackClock "0:11:39"]

1. d4 d5 2. c4 c6 3. Nc3 Nf6 4. e3 e6 5. Nf3 Nbd7 6. Qc2 b6 7. Bd3 Bb7 8. O-O
Be7 9. b3 Qc7 10. Bb2 h6 11. Rac1 Rd8 12. cxd5 exd5 13. Ne2 O-O 14. Ng3 Rfe8
15. Ne5 Nxe5 16. dxe5 Ng4 17. e6 fxe6 18. Be2 Ne5 19. f4 Nd7 20. Bxg7 Kxg7 21.
Nh5+ Kf8 22. Qh7 1-0

[Event "Pardubice Open A"]
[Site "?"]
[Date "2015.07.28"]
[Round "5.42"]
[White "KOBO, Ori"]
[Black "SABOL, Marian"]
[Result "1/2-1/2"]
[WhiteElo "2422"]
[BlackElo "2312"]
[PlyCount "90"]
[EventDate "2015.??.??"]
[WhiteClock "0:21:39"]
[BlackClock "0:35:47"]

1. d4 e6 2. e4 d5 3. Nc3 Bb4 4. e5 c5 5. a3 Ba5 6. b4 cxd4 7. Nb5 Bc7 8. f4 Ne7
9. Nf3 Nf5 10. Bd3 O-O 11. Bxf5 exf5 12. Nbxd4 a5 13. Be3 Qe7 14. c3 axb4 15.
axb4 Rxa1 16. Qxa1 f6 17. Nb5 Re8 18. Bc5 Qd7 19. Nxc7 Qxc7 20. O-O fxe5 21.
fxe5 Nc6 22. Bd6 Qb6+ 23. Kh1 Nd8 24. Qa4 Qc6 25. Qxc6 bxc6 26. Nd4 Bd7 27. Nb3
Nb7 28. Ra1 Nxd6 29. exd6 Re6 30. Kg1 Rxd6 31. Ra6 Rf6 32. Ra8+ Kf7 33. Ra7 Ke8
34. Nc5 Rf7 35. Kf2 f4 36. Rc7 Kd8 37. Rb7 Re7 38. Kf3 g5 39. Nxd7 Rxd7 40.
Rb8+ Kc7 41. Rg8 h6 42. h4 gxh4 43. Rg4 d4 44. cxd4 Rxd4 45. Rxh4 Rxb4 1/2-1/2

[Event "Pardubice Open A"]
[Site "?"]
[Date "2015.07.28"]
[Round "5.43"]
[White "JANZELJ, Tim"]
[Black "PISCOPO, Pierluigi"]
[Result "0-1"]
[WhiteElo "2312"]
[BlackElo "2422"]
[PlyCount "76"]
[EventDate "2015.??.??"]
[WhiteClock "0:01:53"]
[BlackClock "0:08:57"]

1. d4 Nf6 2. c4 g6 3. Nc3 Bg7 4. e4 O-O 5. Bd3 c5 6. d5 e6 7. Nf3 exd5 8. cxd5
d6 9. h3 Nbd7 10. O-O Nh5 11. Re1 Ne5 12. Be2 Nxf3+ 13. Bxf3 Qh4 14. Ne2 Re8
15. Bxh5 Qxh5 16. Qa4 Qe5 17. Nc3 Rd8 18. Qc2 Bd7 19. a4 b6 20. Be3 a6 21. f4
Qh5 22. Bf2 Re8 23. Qd3 f5 24. e5 dxe5 25. fxe5 Bxe5 26. d6 f4 27. Nd5 Rad8 28.
Nc7 Bc6 29. Nxe8 Qg5 30. g4 fxg3 31. Be3 Qh4 32. Nf6+ Bxf6 33. Qb3+ c4 34. Qc2
Kh8 35. Re2 Qxh3 36. Rg2 Bxg2 37. Qxg2 Qxg2+ 38. Kxg2 Rxd6 0-1

[Event "Pardubice Open A"]
[Site "?"]
[Date "2015.07.28"]
[Round "5.44"]
[White "GARCIA ROMAN, Daniel"]
[Black "JEDLICKA, Ales"]
[Result "1-0"]
[WhiteElo "2420"]
[BlackElo "2299"]
[PlyCount "63"]
[EventDate "2015.??.??"]
[WhiteClock "0:13:43"]
[BlackClock "0:28:59"]

1. d4 Nf6 2. c4 e6 3. Nc3 Bb4 4. Nf3 c5 5. g3 Nc6 6. Bg2 Ne4 7. Qc2 cxd4 8.
Nxd4 Nxc3 9. Nxc6 bxc6 10. a3 Nxe2+ 11. axb4 Nxc1 12. Qxc1 O-O 13. c5 d5 14.
cxd6 Qxd6 15. Qc5 Qxc5 16. bxc5 Bd7 17. O-O-O Rfd8 18. Rxd7 Rxd7 19. Bxc6 Rad8
20. Bxd7 Rxd7 21. Kc2 Kf8 22. Ra1 Ke7 23. b4 e5 24. Kc3 f5 25. c6 Rc7 26. b5
Ke6 27. Kc4 e4 28. h4 Ke5 29. Rd1 a6 30. Rd7 axb5+ 31. Kxb5 Rc8 32. c7 1-0

[Event "Pardubice Open A"]
[Site "?"]
[Date "2015.07.28"]
[Round "5.45"]
[White "TYMRAKIEWICZ, Rafal"]
[Black "VOGEL, Roven"]
[Result "0-1"]
[WhiteElo "2306"]
[BlackElo "2420"]
[PlyCount "108"]
[EventDate "2015.??.??"]
[WhiteClock "0:16:48"]
[BlackClock "0:46:05"]

1. d4 e6 2. Nf3 c5 3. e3 Nf6 4. Bd3 Nc6 5. O-O d5 6. b3 Bd6 7. Bb2 O-O 8. a3
Qe7 9. Ne5 Nd7 10. f4 f6 11. Nxd7 Bxd7 12. c4 cxd4 13. exd4 dxc4 14. Bxc4 Rad8
15. Kh1 Bc8 16. Nd2 Bc7 17. Nf3 Bxf4 18. Qe1 Bh6 19. b4 Qd6 20. Qe4 Ne7 21.
Rae1 Nd5 22. Bc1 Bxc1 23. Rxc1 Bd7 24. Rfe1 Rde8 25. Bd3 g6 26. Qg4 Nf4 27. Bb1
Bc6 28. Rxc6 bxc6 29. g3 Nh5 30. Ba2 Ng7 31. h4 a5 32. bxa5 Qxa3 33. Re2 Qxa5
34. Kh2 Qf5 35. Qxf5 gxf5 36. h5 h6 37. Nh4 Rf7 38. Ng6 Ra7 39. Nf4 Kf7 40. Rb2
Rd8 41. Re2 Rd6 42. Kh3 Ra4 43. Rb2 Raxd4 44. Rb8 Rd8 45. Rb6 R8d6 46. Rb8 Rxf4
47. Rb7+ Kf8 48. Rb8+ Ke7 49. gxf4 Nxh5 50. Rh8 Rd3+ 51. Kh4 Nxf4 52. Rh7+ Kd6
53. Rd7+ Kxd7 54. Bxe6+ Nxe6 0-1

[Event "Pardubice Open A"]
[Site "?"]
[Date "2015.07.28"]
[Round "5.46"]
[White "RESHEF, Omer"]
[Black "HANSEN, Mads"]
[Result "1-0"]
[WhiteElo "2410"]
[BlackElo "2296"]
[PlyCount "81"]
[EventDate "2015.??.??"]
[WhiteClock "0:05:01"]
[BlackClock "0:03:45"]

1. e4 e5 2. Nf3 Nc6 3. Nc3 Nf6 4. Bb5 Bb4 5. O-O O-O 6. d3 d6 7. Ne2 Ne7 8. c3
Bc5 9. d4 Bb6 10. Ng3 Ng6 11. Re1 c6 12. Bf1 Be6 13. h3 h6 14. c4 Nh7 15. d5
cxd5 16. cxd5 Bd7 17. Be3 Ng5 18. Rc1 Rc8 19. Nxg5 Bxe3 20. Rxc8 Bxc8 21. Rxe3
Qxg5 22. Qa4 Nf4 23. Qxa7 h5 24. Qa3 Qg6 25. Nf5 Bxf5 26. exf5 Qf6 27. g3 Nxd5
28. Rd3 Ne7 29. Qxd6 Qxd6 30. Rxd6 Nxf5 31. Rb6 e4 32. Rxb7 Rd8 33. g4 Nd4 34.
Bg2 Ne2+ 35. Kh2 h4 36. Bxe4 g5 37. a4 Rd2 38. a5 Nf4 39. a6 Rxf2+ 40. Kg1
Nxh3+ 41. Kh1 1-0

[Event "Pardubice Open A"]
[Site "?"]
[Date "2015.07.28"]
[Round "5.47"]
[White "MANIK, Mikulas"]
[Black "BERNOTAS, Arturs"]
[Result "1-0"]
[WhiteElo "2408"]
[BlackElo "2292"]
[PlyCount "57"]
[EventDate "2015.??.??"]
[WhiteClock "0:36:15"]
[BlackClock "0:03:17"]

1. e4 c5 2. Nf3 d6 3. d4 cxd4 4. Nxd4 Nf6 5. Nc3 a6 6. Be3 e5 7. Nb3 Be6 8. h3
Nc6 9. Qf3 Nb4 10. O-O-O Qc8 11. Kb1 b5 12. a3 Nxc2 13. Kxc2 d5 14. Rxd5 Nxd5
15. exd5 Bf5+ 16. Bd3 Bxd3+ 17. Kxd3 Qc4+ 18. Kc2 Rc8 19. Qg4 Bxa3 20. Qxc4
bxc4 21. Nd2 Bb4 22. Ra1 a5 23. Bb6 O-O 24. Bxa5 Ra8 25. Nxc4 Rfc8 26. Nb6
Rxc3+ 27. bxc3 Rxa5 28. Rxa5 Bxa5 29. Nc4 1-0

[Event "Pardubice Open A"]
[Site "?"]
[Date "2015.07.28"]
[Round "5.48"]
[White "ALEXIADIS, Hristos"]
[Black "LOKANDER, Martin"]
[Result "1/2-1/2"]
[WhiteElo "2296"]
[BlackElo "2403"]
[PlyCount "44"]
[EventDate "2015.??.??"]
[WhiteClock "0:53:12"]
[BlackClock "1:15:59"]

1. d4 Nf6 2. Nc3 d5 3. Bf4 a6 4. e3 e6 5. Nf3 c5 6. dxc5 Bxc5 7. Bd3 Nc6 8. Qe2
Qe7 9. Ne5 Bb4 10. O-O Nd7 11. Nxd7 Bxd7 12. e4 d4 13. Nb1 e5 14. Bc1 Bd6 15.
Nd2 Nb4 16. Nc4 Nxd3 17. cxd3 Bc7 18. f4 exf4 19. Bxf4 Bxf4 20. Rxf4 Be6 21.
Nd2 O-O 22. Rff1 Qb4 1/2-1/2

[Event "Pardubice Open A"]
[Site "?"]
[Date "2015.07.28"]
[Round "5.49"]
[White "TOMAZINI, Zan"]
[Black "MACHAN, Jan"]
[Result "1-0"]
[WhiteElo "2401"]
[BlackElo "2286"]
[PlyCount "73"]
[EventDate "2015.??.??"]
[WhiteClock "0:03:51"]
[BlackClock "0:00:33"]

1. e4 e6 2. d4 d5 3. Nd2 Nf6 4. e5 Nfd7 5. Bd3 c5 6. c3 Nc6 7. Ne2 f6 8. exf6
Nxf6 9. O-O Bd6 10. Nf3 e5 11. dxe5 Nxe5 12. Nxe5 Bxe5 13. Ng3 O-O 14. Bg5 h6
15. f4 Bc7 16. Bh4 c4 17. Be2 Qd6 18. Kh1 Be6 19. Qc2 Rae8 20. Rad1 Ng4 21. Qg6
Ne3 22. Nh5 Qd7 23. Bf6 Bf5 24. Qg3 Nxf1 25. Bxf1 g6 26. Bxc4 Kh7 27. Bxd5 Re6
28. Bb3 Rd6 29. Rxd6 Qxd6 30. Bd4 Bb6 31. Nf6+ Rxf6 32. Bxf6 Qd2 33. Bh4 Qxb2
34. Qe1 Bc5 35. Qe8 Qc1+ 36. Be1 Bf8 37. Qf7+ 1-0

[Event "Pardubice Open A"]
[Site "?"]
[Date "2015.07.28"]
[Round "5.50"]
[White "PLISCHKI, Sebastian"]
[Black "HEINEMANN, Josefine"]
[Result "1/2-1/2"]
[WhiteElo "2398"]
[BlackElo "2286"]
[PlyCount "55"]
[EventDate "2015.??.??"]
[WhiteClock "0:20:18"]
[BlackClock "0:40:12"]

1. d4 Nf6 2. c4 g6 3. Nc3 d5 4. Nf3 Bg7 5. cxd5 Nxd5 6. e4 Nxc3 7. bxc3 c5 8.
Bb5+ Nd7 9. a4 O-O 10. O-O a6 11. Bc4 cxd4 12. cxd4 Nc5 13. e5 Be6 14. Bxe6
Nxe6 15. Be3 Nc7 16. Qb3 Rb8 17. Rfc1 Nd5 18. Ng5 Nxe3 19. fxe3 Bh6 20. Ne4 b6
21. Rc2 Qd7 22. Rf1 Qe6 23. Rc3 Qg4 24. Nf2 Qe2 25. Qd1 Qb2 26. Qb3 Qe2 27. Qd1
Qb2 28. Qb3 1/2-1/2

[Event "Pardubice Open A"]
[Site "?"]
[Date "2015.07.28"]
[Round "5.51"]
[White "SOYSAL, Serkan"]
[Black "MALEK, Daniel"]
[Result "1/2-1/2"]
[WhiteElo "2293"]
[BlackElo "2398"]
[PlyCount "131"]
[EventDate "2015.??.??"]
[WhiteClock "0:06:44"]
[BlackClock "0:07:50"]

1. d4 Nf6 2. c4 e6 3. Nf3 d5 4. g3 dxc4 5. Bg2 a6 6. O-O Nc6 7. e3 Rb8 8. Nfd2
Qd7 9. Nxc4 b5 10. Ncd2 Bd6 11. Nc3 O-O 12. Nde4 Nxe4 13. Nxe4 Bb7 14. b3 Ne7
15. Qc2 f5 16. Nc5 Bxc5 17. Qxc5 Bxg2 18. Kxg2 Rb6 19. Ba3 Re8 20. Rac1 Rc6 21.
Qb4 Nd5 22. Qa5 Rb8 23. Qd2 e5 24. Rxc6 Qxc6 25. Kg1 e4 26. Rc1 Qd7 27. Rc5 Rb6
28. Qc1 Rh6 29. Rxd5 Qxd5 30. Qxc7 Rf6 31. Be7 Rc6 32. Qb8+ Kf7 33. Qf8+ Kg6
34. Qe8+ Kh6 35. h4 g6 36. Kg2 Kh5 37. Qf8 Rc2 38. Qg7 Qc6 39. Qxh7+ Kg4 40.
Bc5 f4 41. gxf4 Qf6 42. a4 bxa4 43. bxa4 Qf5 44. a5 Rd2 45. Qb7 Qe6 46. h5 Kh4
47. Qe7+ Qxe7 48. Bxe7+ Kxh5 49. Kg3 Kh6 50. Bf6 Kh7 51. Bh4 Kg7 52. f5 Ra2 53.
fxg6 Rxa5 54. Kf4 Kxg6 55. Kxe4 Rb5 56. Be7 a5 57. d5 Kf7 58. Bd6 a4 59. Kd4
Rb2 60. Kc3 Rxf2 61. Ba3 Rg2 62. Kb4 Rg4+ 63. Kb5 Ke8 64. Bb4 Re4 65. Kxa4 Rxe3
66. Kb5 1/2-1/2

[Event "Pardubice Open A"]
[Site "?"]
[Date "2015.07.28"]
[Round "5.52"]
[White "BEN ARTZI, Ido"]
[Black "MARTIN, Julian"]
[Result "1-0"]
[WhiteElo "2397"]
[BlackElo "2261"]
[PlyCount "53"]
[EventDate "2015.??.??"]
[WhiteClock "0:04:02"]
[BlackClock "0:04:50"]

1. d4 Nf6 2. c4 e6 3. Nc3 Bb4 4. Qc2 O-O 5. Nf3 d5 6. cxd5 exd5 7. Bf4 c6 8. e3
Ne4 9. Bd3 f5 10. O-O Be7 11. Ne5 Be6 12. f3 Nd6 13. e4 fxe4 14. fxe4 dxe4 15.
Nxe4 Nf5 16. Ng3 Qxd4+ 17. Kh1 Nh4 18. Rad1 Qc5 19. Qe2 Bd5 20. Be4 Bxe4 21.
Nxe4 Qb4 22. Qg4 h5 23. Qe6+ Kh7 24. Nd3 Qa4 25. Qxe7 Ng6 26. Ng5+ Kh8 27. Qe2
1-0

[Event "Pardubice Open A"]
[Site "?"]
[Date "2015.07.28"]
[Round "5.53"]
[White "JASNY, Stanislav"]
[Black "BASHIRLI, Nail"]
[Result "1/2-1/2"]
[WhiteElo "2395"]
[BlackElo "2235"]
[PlyCount "126"]
[EventDate "2015.??.??"]
[WhiteClock "0:02:23"]
[BlackClock "0:01:53"]

1. d4 Nf6 2. c4 e6 3. Nf3 b6 4. g3 Ba6 5. b3 Bb4+ 6. Bd2 Be7 7. Bg2 c6 8. O-O
d5 9. Ne5 Nfd7 10. Nxd7 Nxd7 11. Bc3 O-O 12. Nd2 f5 13. b4 Nf6 14. Qa4 Qc8 15.
Rfc1 Bxc4 16. Nxc4 b5 17. Nd6 Bxd6 18. Qc2 Rf7 19. Bd2 Rc7 20. Rab1 Ne4 21.
Bxe4 fxe4 22. Bf4 Bxf4 23. gxf4 Qf8 24. Qd2 Qf5 25. Rb3 Rf8 26. Rg3 Rf6 27. e3
Rg6 28. a4 a6 29. axb5 axb5 30. Qa2 h5 31. Qa8+ Kh7 32. Rxc6 Rxc6 33. Qxc6 h4
34. Rxg6 Qxg6+ 35. Kf1 Qg4 36. Ke1 Qg1+ 37. Ke2 Qg4+ 38. Kd2 Qg1 39. Qxb5 Qxh2
40. Qe2 Kh6 41. b5 Qg1 42. Qe1 Qg6 43. Qh1 Kh5 44. b6 e5 45. Qb1 exf4 46. b7
Qg2 47. Qd1+ f3 48. b8=Q Qxf2+ 49. Kc1 Qxe3+ 50. Kb1 g5 51. Qc8 Qf2 52. Qf5 Qe3
53. Qxd5 h3 54. Qc4 h2 55. Qcc1 Qxc1+ 56. Kxc1 g4 57. d5 g3 58. d6 g2 59. Qd5+
Kg4 60. Qxe4+ Kg3 61. Qe1+ Kh3 62. Qe6+ Kg3 63. Qe1+ f2 1/2-1/2

[Event "Pardubice Open A"]
[Site "?"]
[Date "2015.07.28"]
[Round "5.54"]
[White "ZANAN, Evgeny"]
[Black "PFEFFER, Ruprecht"]
[Result "0-1"]
[WhiteElo "2391"]
[BlackElo "2232"]
[PlyCount "68"]
[EventDate "2015.??.??"]
[WhiteClock "0:01:10"]
[BlackClock "0:02:14"]

1. e4 e6 2. d4 d5 3. Nc3 Bb4 4. e5 c5 5. a3 Bxc3+ 6. bxc3 Ne7 7. Qg4 cxd4 8.
Qxg7 Rg8 9. Qxh7 Qc7 10. Ne2 Nbc6 11. f4 Bd7 12. Qd3 dxc3 13. Nxc3 a6 14. Rb1
Na5 15. Bd2 Nf5 16. g3 Rc8 17. Bh3 Ne7 18. O-O Nc4 19. Rb3 Qc5+ 20. Kh1 b5 21.
Be1 Rh8 22. Bg2 Nf5 23. Bf2 Qc7 24. g4 Nh4 25. Bxh4 Rxh4 26. Qg3 Rh8 27. Nb1 d4
28. Rc1 Ne3 29. Nd2 Bc6 30. Nf3 Be4 31. h3 d3 32. Qe1 Bxf3 33. Qxe3 Rxh3+ 34.
Kg1 Bxg2 0-1

[Event "Pardubice Open A"]
[Site "?"]
[Date "2015.07.28"]
[Round "5.55"]
[White "WARAKOMSKA, Anna"]
[Black "GRINBERG, Eyal"]
[Result "1/2-1/2"]
[WhiteElo "2274"]
[BlackElo "2387"]
[PlyCount "281"]
[EventDate "2015.??.??"]
[WhiteClock "0:01:32"]
[BlackClock "0:01:46"]

1. d4 Nf6 2. Nf3 g6 3. c4 c5 4. d5 b5 5. cxb5 a6 6. b6 d6 7. Nc3 Nbd7 8. e4 Bg7
9. Be2 O-O 10. O-O Nxb6 11. Nd2 e6 12. dxe6 Bxe6 13. Re1 d5 14. exd5 Nbxd5 15.
Nxd5 Nxd5 16. Nc4 Qc7 17. Bd2 Nf4 18. Qc1 Nxe2+ 19. Rxe2 Qb8 20. a4 Bxc4 21.
Qxc4 Qxb2 22. Rc1 Rac8 23. Be3 Qf6 24. Rd2 Rfe8 25. Rd5 Bf8 26. h3 Qb2 27. Rcd1
Qb4 28. Qxa6 Ra8 29. Qc6 Rec8 30. Qf6 Qxa4 31. Rd7 Qa2 32. Kh2 Qe6 33. Qxe6
fxe6 34. Rb7 Rd8 35. Rc1 Rac8 36. Ra1 Rb8 37. Rxb8 Rxb8 38. Ra6 Rc8 39. Rxe6
Bg7 40. Bc1 c4 41. Kg3 Kf7 42. Re4 c3 43. Kf3 Rc7 44. Ke2 Ra7 45. Be3 Ra1 46.
Kd3 Rd1+ 47. Kc2 Rd5 48. h4 h5 49. f3 Bf6 50. g4 Be5 51. gxh5 gxh5 52. Ra4 Bf6
53. Rc4 Kg6 54. Re4 Be5 55. Bf4 Bg7 56. Bg5 Ra5 57. Rc4 Kf5 58. Kd3 Rd5+ 59.
Ke2 Be5 60. Rc8 Ra5 61. Kd3 Ke6 62. Rc4 Ra1 63. Be3 Rd1+ 64. Ke4 Rd6 65. f4 Bf6
66. f5+ Ke7 67. Bc5 Kd7 68. Bxd6 Kxd6 69. Rc8 Bxh4 70. Rxc3 Bf6 71. Rd3+ Ke7
72. Kd5 Kf7 73. Rb3 Ba1 74. Rh3 Bb2 75. Rxh5 Bc3 76. Rh6 Bb2 77. Rc6 Ba1 78.
Ke4 Bb2 79. Kf4 Bd4 80. Kg4 Kg7 81. Re6 Bc3 82. Kf4 Kf7 83. Ke4 Ba1 84. Kd5 Bb2
85. Kc6 Bc3 86. Kd7 Bb2 87. Rb6 Bc3 88. Rg6 Bb2 89. Kd6 Ba3+ 90. Kd5 Bb2 91.
Ke4 Bc3 92. Rb6 Ke7 93. Kf4 Kf7 94. Rb3 Bd4 95. Rb7+ Kf6 96. Ke4 Bc3 97. Rb3
Ba1 98. Kf4 Be5+ 99. Kg4 Bd4 100. Rd3 Bb2 101. Re3 Kf7 102. Rd3 Be5 103. Rb3
Bd4 104. Ra3 Kf6 105. Kf4 Be5+ 106. Ke4 Bb2 107. Rb3 Ba1 108. Rb6+ Kf7 109.
Rb7+ Kf6 110. Rb8 Kf7 111. Rb6 Bc3 112. f6 Bxf6 113. Kf5 Bh4 114. Rb7+ Ke8 115.
Ke6 Kd8 116. Kd6 Bg3+ 117. Kc6 Bf4 118. Rf7 Bg3 119. Rf3 Be5 120. Re3 Bf4 121.
Re2 Bg3 122. Rg2 Bf4 123. Rg7 Be5 124. Rh7 Bf4 125. Kd5 Bg3 126. Ke6 Kc8 127.
Rg7 Bf4 128. Rg4 Bb8 129. Rg8+ Kb7 130. Kd7 Ba7 131. Rg6 Be3 132. Rc6 Bf4 133.
Rc4 Bg3 134. Rb4+ Ka8 135. Kc6 Bf2 136. Rb7 Be3 137. Kc7 Bf4+ 138. Kc8 Be3 139.
Rb3 Bd4 140. Ra3+ Ba7 141. Ra1 1/2-1/2

[Event "Pardubice Open A"]
[Site "?"]
[Date "2015.07.28"]
[Round "5.56"]
[White "MARTYNOV, Pavel"]
[Black "XYLOGIANNOPOULOS, Antonios"]
[Result "1/2-1/2"]
[WhiteElo "2385"]
[BlackElo "2153"]
[PlyCount "120"]
[EventDate "2015.??.??"]
[WhiteClock "0:08:30"]
[BlackClock "0:11:20"]

1. d4 d5 2. Nf3 Nf6 3. c4 c6 4. Nc3 dxc4 5. a4 Bf5 6. Ne5 Nbd7 7. Nxc4 Qc7 8.
Qd2 Ne4 9. Nxe4 Bxe4 10. f3 Bg6 11. Qf4 Qxf4 12. Bxf4 Nb6 13. e4 Nxc4 14. Bxc4
e6 15. a5 Bb4+ 16. Ke2 Rd8 17. Rhd1 Bd6 18. Bxd6 Rxd6 19. Ke3 Ke7 20. Be2 a6
21. Rd3 Kd8 22. Ra4 Kc7 23. Rb4 Rb8 24. Rdb3 Rdd8 25. f4 f5 26. e5 Be8 27. Bc4
Bf7 28. g3 Re8 29. h3 Bh5 30. Kd2 Bf7 31. Be2 Red8 32. Ke3 h5 33. Rb6 Rh8 34.
Kf2 Rhd8 35. R3b4 Rh8 36. Bf3 Rhd8 37. Ke3 g6 38. Kf2 Rh8 39. Ke3 Rhd8 40. Kd3
Rh8 41. Kc4 Rhd8 42. Bg2 Rh8 43. Kc5 Be8 44. Bf1 Bd7 45. h4 Rhd8 46. Bxa6 bxa6
47. Rxb8 Rxb8 48. Rxb8 Kxb8 49. Kd6 Kc8 50. Ke7 Kc7 51. b3 Kc8 52. Kf7 Kd8 53.
Kf6 Kc7 54. Kxg6 Be8+ 55. Kf6 Bd7 56. Kg6 Be8+ 57. Kg7 Kd8 58. Kf6 Bd7 59. Kg5
Be8 60. Kf6 Bd7 1/2-1/2